Nuevos estilos de universidad
Este libro busca crear conciencia de la importancia de realizar cambios en la educación superior colombiana con el fin de lograr grandes transformaciones al interior de los hombres y de las instituciones educativas.
Uloženo v:
| Hlavní autor: | |
|---|---|
| Médium: | Kniha |
| Jazyk: | Spanish |
| Vydáno: |
Bogotá:
Imprenta Nacional de Colombia,
1993
|
| Edice: | Colección pensadores políticos colombianos
|
| Témata: | |
| On-line přístup: | Enlace del recurso |
| Tagy: |
Přidat tag
Žádné tagy, Buďte první, kdo vytvoří štítek k tomuto záznamu!
|
MARC
| LEADER | 00000nam a2200000 a 4500 | ||
|---|---|---|---|
| 001 | 000638 | ||
| 008 | 030903s1993 ck # fr# #000|0#spa#d | ||
| 041 | 0 | |a spa | |
| 043 | |a s-ck--- | ||
| 082 | 0 | 4 | |a 378.007 |b P262n |
| 100 | 1 | |a Pérez Gutiérrez, Luis | |
| 245 | 1 | 0 | |a Nuevos estilos de universidad |c Luis Pérez Gutiérrez |
| 260 | |a Bogotá: |b Imprenta Nacional de Colombia, |c 1993 | ||
| 300 | |a 223 p. | ||
| 440 | 0 | |a Colección pensadores políticos colombianos | |
| 504 | |a Incluye bibliografía. | ||
| 520 | 3 | |a Este libro busca crear conciencia de la importancia de realizar cambios en la educación superior colombiana con el fin de lograr grandes transformaciones al interior de los hombres y de las instituciones educativas. | |
| 650 | 1 | 4 | |a EDUCACIÓN SUPERIOR |z COLOMBIA |
| 650 | 1 | 4 | |a UNIVERSIDADES |
| 999 | |c 2790 |d 2790 | ||
| 856 | |u https://catalogo.idep.edu.co/cgi-bin/koha/opac-detail.pl?biblionumber=2790 |z Enlace del recurso | ||